Financial markets in India : (Record no. 73830)

MARC details
000 -LEADER
fixed length control field 00703nam a22002177a 4500
005 - DATE AND TIME OF LATEST TRANSACTION
control field 20161209121444.0
008 - FIXED-LENGTH DATA ELEMENTS--GENERAL INFORMATION
fixed length control field 130225t xxu||||| |||| 00| 0 eng d
010 ## - LCCN (DPL NO)
LC control number ENG-106740
020 ## - INTERNATIONAL STANDARD BOOK NUMBER
International Standard Book Number 9788179754719
Terms of availability 1500.00
035 ## - SYSTEM CONTROL NUMBER
System control number EN-90273
037 ## - SOURCE OF ACQUISITION
Source of stock number/acquisition DBAD / PUB
040 ## - CATALOGING SOURCE
Original cataloging agency dpl
Language of cataloging English
082 ## - DEWEY DECIMAL CLASSIFICATION NUMBER
Classification number 332.64254
100 ## - MAIN ENTRY--PERSONAL NAME
9 (RLIN) 55100
Personal name Shahani, Rakesh
245 ## - TITLE STATEMENT
Title Financial markets in India :
Statement of responsibility, etc by Rakesh Shahani
Remainder of title a research initiative /
260 ## - PUBLICATION, DISTRIBUTION, ETC. (IMPRINT)
Place of publication, distribution, etc New Delhi
Name of publisher, distributor, etc Anamika Publishers & Distributors
Date of publication, distribution, etc 2011
270 ## - ADDRESS
Address 4697/3, 21-A, Ansari Road, Daryaganj
City New Delhi
Postal code 110002
300 ## - PHYSICAL DESCRIPTION
Extent 568p.
Dimensions 23cm(Hb)
500 ## - GENERAL NOTE
General note Includes index
942 ## - ADDED ENTRY ELEMENTS (KOHA)
Source of classification or shelving scheme Dewey Decimal Classification
Item type English Books
Call number suffix SHA
Classification part 332.64254
Holdings
Withdrawn status Lost status Source of classification or shelving scheme Damaged status Not for loan Collection code Home library Current library Date acquired Source of acquisition Cost, normal purchase price Total Checkouts Full call number Barcode Date last seen Copy number Cost, replacement price Koha item type
    Dewey Decimal Classification     Non-fiction D.B.Act.Division D.B.Act.Division 25/02/2013 DBAD/PUB 1500.00   332 SHA EN-90273 25/02/2013 1 1500.00 English Books

© Delhi Public Library
Hit Counter
free hit counter